000 00290nam a2200121Ia 4500
008 170224s9999 xx 000 0 und d
245 4 _aThe Vital Signs Selfie Campaign
260 _bAmerican Journal of Nursing
260 _c2016
300 _a116:5
500 _aMay
650 _xNursing.
999 _c317002
_d317002